000 00482nam a22001812 4500
001 0000004289
005 20170406115716.0
008 140908s xx 000 0 eng d
020 _a9780679760849 :
_c$
040 _aYour Holding Symbol
_cYour Holding Symbol
100 1 _aMcCarthy,Cormac.
245 1 4 _aThe crossing.
250 _a ed.
260 _aNew york :
_bVintage,
_c1994.
300 _a245 p. ;
_c cm.
650 0 _aliterature.
908 _a140908
999 _c4122
_d4122